000 00567pam a2200169 a 4500
020 _a0309044723 (pbk.) :
082 0 0 _a625.732
_bGEO
_cD
245 0 0 _aGeotechnology /
_cTransportation Research Board, National Research Council.
260 _aWashington, D.C. :
_bThe Council,
_c1987.
300 _a150 p. :
_bill. ;
_c28 cm.
526 _a0
_b0
_c0
_d625_732000000000000_GEO
650 0 _aFoundations
_xCongresses.
_942382
650 0 _aMCE
_9379
650 0 _aSoil mechanics
_xCongresses.
_942502
710 2 _aNational Research Council (U.S.).
_920017
942 _2ddc
_cBK
999 _c547445
_d547445